logo

Bir Sreshtho Munshi Abdur Rouf Library
Jhenaidah Cadet College

Earth / (Record no. 10970)

MARC details
000 -LEADER
fixed length control field 01174nam a2200313 a 4500
001 - CONTROL NUMBER
JCCL Control Number 10970
003 - CONTROL NUMBER IDENTIFIER
JCCL marc code BD-JhCC
005 - DATE AND TIME OF LATEST TRANSACTION
control field 20220526134020.0
008 - FIXED-LENGTH DATA ELEMENTS--GENERAL INFORMATION
fixed length control field 190609t20172018nyua j 001 0 eng d
020 ## - INTERNATIONAL STANDARD BOOK NUMBER
International Standard Book Number 9781465463098 (paperback)
020 ## - INTERNATIONAL STANDARD BOOK NUMBER
International Standard Book Number 1465463097 (paperback)
020 ## - INTERNATIONAL STANDARD BOOK NUMBER
International Standard Book Number 9780241285107
020 ## - INTERNATIONAL STANDARD BOOK NUMBER
International Standard Book Number 0241285100
020 ## - INTERNATIONAL STANDARD BOOK NUMBER
International Standard Book Number 9780241365700
035 ## - SYSTEM CONTROL NUMBER
system control number (BD-JhCC)10970
040 ## - CATALOGING SOURCE
Original cataloging agency YDX
Transcribing agency YDX
Description conventions rda
Modifying agency BTCTA
-- BDX
-- YT1
-- CHILD
-- JAI
-- JN3
-- CLE
-- AU@
-- OCLCF
-- SINLB
-- YW6
-- NYP
-- DLC
-- BD-JhCC
041 ## - LANGUAGE CODE
Language code of Book eng
082 ## - DEWEY DECIMAL CLASSIFICATION NUMBER
Classification number 550
Author mark and Year SHA 2018
100 1# - MAIN ENTRY--PERSONAL NAME
Personal name Sharif-Draper, Maryam,
245 00 - TITLE STATEMENT
Title Earth /
Statement of responsibility, etc author and consultant: Maryam Sharif-Draper.
250 ## - EDITION STATEMENT
Edition statement First American edition.
260 ## - PUBLICATION, DISTRIBUTION, ETC. (IMPRINT)
Place of publication, distribution, etc London :
Name of publisher, distributor, etc DK Children,
Date of publication, distribution, etc 2018
300 ## - PHYSICAL DESCRIPTION
Pagination 64 pages :
Other physical details color illustrations ;
Dimensions 24 cm.
490 1# - SERIES STATEMENT
Series statement DK find out!
500 ## - GENERAL NOTE
General note Includes index.
520 ## - SUMMARY, ETC.
Summary, etc Have you ever wanted to know which is the tallest mountain on Earth? Or which continent is the largest? DKfindout! Earth is packed with surprising facts and amazing pictures. It is a fascinating book filled with big ideas.
650 #0 - SUBJECT ADDED ENTRY--TOPICAL TERM
Topical term or geographic name as entry element Earth sciences
Form subdivision Juvenile literature.
942 ## - ADDED ENTRY ELEMENTS (KOHA)
Source of classification or shelving scheme Dewey Decimal Classification
Koha item type Books
Koha issues (borrowed), all copies 3
Holdings
Source of classification or shelving scheme Damaged status Not for loan Home library Current library Shelving location Date of accession Cost, normal purchase price Total Checkouts Full call number Barcode Date last seen Date checked out Copy number Koha item type
Dewey Decimal Classification     JCC Rouf Library JCC Rouf Library General Stacks 06/09/2019 275.00 3 550 SHA 2018 15215 09/24/2023 09/20/2023 C-1 Books
Dewey Decimal Classification     JCC Rouf Library JCC Rouf Library General Stacks 08/10/2020 275.00 1 550 SHA 2018 16003 02/12/2024 02/08/2024 C-2 Books

JCC Library | Contacts | JCC Home

Last Update on 23 September 2017
Copyright @ 2017-2020 JCC Rouf Library
Rouf Library, Jhenidah Cadet College (JCC), Bangladesh